[Event "Online Olym Div2 D"]
[Site "Chess.com INT"]
[Date "2021.09.04"]
[Round "8.1"]
[White "De Freitas, Isabella Ribeiro Co"]
[Black "Makhlouf, Ahlam"]
[Result "1-0"]
[WhiteElo "1909"]
[BlackElo "1419"]
[PlyCount "61"]
[EventDate "2021.09.02"]
[EventType "team (rapid)"]
[EventRounds "9"]
[EventCountry "USA"]
[SourceTitle "CBM 204 Extra"]
[Source "ChessBase"]
[SourceDate "2021.11.30"]
[SourceVersion "1"]
[SourceVersionDate "2021.11.30"]
[SourceQuality "1"]
[WhiteTeam "Brazil"]
[BlackTeam "Morocco"]
[WhiteTeamCountry "BRA"]
[BlackTeamCountry "MAR"]

1. c4 e5 2. g3 Nf6 3. Bg2 c6 4. Nf3 e4 5. Nd4 d5 6. cxd5 cxd5 7. 0-0 Nc6 8. Nb3 Be7 9. d3 0-0 10. Nc3 Bf5 11. dxe4 dxe4 12. Bg5 Re8 13. Nd2 Qd4 14. Nb3 Qc4 15. Rc1 Rad8 16. Qe1 Qe6 17. Nb5 Qe5 18. Bxf6 Bxf6 19. Rc5 Qe6 20. Nc7 Qc8 21. Nxe8 Rxe8 22. Qc1 Bh3 23. Na5 Bd4 24. Rc4 Bxg2 25. Kxg2 Qf5 26. Nxc6 bxc6 27. Rxd4 Qe5 28. Qxc6 e3 29. f3 Rb8 30. Re4 Qxb2 31. Re8+ 1-0

[Event "Online Olym Div2 D"]
[Site "Chess.com INT"]
[Date "2021.09.04"]
[Round "9.1"]
[White "Makhlouf, Ahlam"]
[Black "Flores Rodriguez, Astrid Aphril"]
[Result "0-1"]
[WhiteElo "1419"]
[BlackElo "1662"]
[PlyCount "98"]
[EventDate "2021.09.02"]
[EventType "team (rapid)"]
[EventRounds "9"]
[EventCountry "USA"]
[SourceTitle "CBM 204 Extra"]
[Source "ChessBase"]
[SourceDate "2021.11.30"]
[SourceVersion "1"]
[SourceVersionDate "2021.11.30"]
[SourceQuality "1"]
[WhiteTeam "Morocco"]
[BlackTeam "Mexico"]
[WhiteTeamCountry "MAR"]
[BlackTeamCountry "MEX"]

1. e4 c5 2. Nf3 e6 3. d4 cxd4 4. Nxd4 a6 5. Nc3 Qc7 6. Be3 Nf6 7. Bd3 Bb4 8. Qd2 d5 9. exd5 Nxd5 10. Nde2 Nxe3 11. fxe3 Nd7 12. 0-0 Nf6 13. Nf4 0-0 14. Ncd5 Bxd2 15. Nxc7 Bxe3+ 16. Kh1 Rb8 17. Rf3 Bb6 18. Nb5 axb5 19. Bxb5 Bd7 20. Bxd7 Nxd7 21. b4 Nf6 22. c4 Bc7 23. a4 Rfd8 24. Rc1 Bxf4 25. Rxf4 Rd2 26. b5 Rbd8 27. h3 Rd1+ 28. Rf1 Rxf1+ 29. Rxf1 Ne4 30. Rc1 Nc5 31. a5 Ra8 32. a6 bxa6 33. b6 Rb8 34. Rd1 Kf8 35. Rd6 Ke7 36. Rc6 Nd7 37. c5 Nxc5 38. Rxc5 Rxb6 39. Ra5 f6 40. Kg1 e5 41. Kf2 Ke6 42. g4 g6 43. h4 f5 44. g5 f4 45. Kf3 Kf5 46. Rc5 Rb5 47. Rc6 e4+ 48. Kf2 Rb2+ 49. Kf1 Kg4 0-1

[Event "Online Olym Div2 D"]
[Site "Chess.com INT"]
[Date "2021.09.03"]
[Round "4.1"]
[White "Nassr, Ryma"]
[Black "Makhlouf, Ahlam"]
[Result "1/2-1/2"]
[WhiteElo "1509"]
[BlackElo "1419"]
[PlyCount "72"]
[EventDate "2021.09.02"]
[EventType "team (rapid)"]
[EventRounds "9"]
[EventCountry "USA"]
[SourceTitle "CBM 204 Extra"]
[Source "ChessBase"]
[SourceDate "2021.11.30"]
[SourceVersion "1"]
[SourceVersionDate "2021.11.30"]
[SourceQuality "1"]
[WhiteTeam "Algeria"]
[BlackTeam "Morocco"]
[WhiteTeamCountry "ALG"]
[BlackTeamCountry "MAR"]

1. d4 Nf6 2. Nc3 d5 3. Bf4 c6 4. e3 Bf5 5. Bd3 Bg6 6. Nf3 e6 7. 0-0 Bd6 8. Bg3 0-0 9. Ne5 Bc7 10. Ne2 Nbd7 11. c3 Nxe5 12. Bxe5 Bxe5 13. dxe5 Ng4 14. Bxg6 hxg6 15. Qd4 Qg5 16. f4 Qh4 17. h3 Nh6 18. Qd2 c5 19. b4 b6 20. bxc5 bxc5 21. Rab1 Rab8 22. Qd3 Nf5 23. e4 dxe4 24. Qxe4 Ne7 25. c4 Rfd8 26. Qe3 Rxb1 27. Rxb1 Qh5 28. Qxc5 Qxe2 29. Qxe7 Rd1+ 30. Rxd1 Qxd1+ 31. Kh2 Qd4 32. Qh4 Qxc4 33. Qd8+ Kh7 34. Qh4+ Kg8 35. Qd8+ Kh7 36. Qh4+ Kg8 1/2-1/2

[Event "Wch FIDE Online U16 Girls Africa qual"]
[Site "Tornelo INT"]
[Date "2020.11.30"]
[Round "6"]
[White "Makhlouf, Ahlam"]
[Black "Gosrani, Naiya"]
[Result "1-0"]
[WhiteElo "1419"]
[BlackElo "1358"]
[PlyCount "87"]
[EventDate "2020.11.28"]
[EventType "swiss (rapid)"]
[EventRounds "7"]
[EventCountry "ISS"]
[SourceTitle "EXT 2022"]
[Source "ChessBase"]
[SourceDate "2021.10.06"]
[SourceVersion "1"]
[SourceVersionDate "2021.10.06"]
[SourceQuality "1"]

1. e4 e5 2. Nf3 Nc6 3. Bb5 a6 4. Ba4 b5 5. Bb3 Bc5 6. 0-0 Nf6 7. d3 0-0 8. Bg5 h6 9. Bh4 d6 10. Nc3 Bg4 11. Nd5 Nd4 12. Nxf6+ gxf6 13. Kh1 Bxf3 14. gxf3 Nxb3 15. axb3 Kh7 16. Rg1 Qe7 17. c3 Qe6 18. d4 exd4 19. cxd4 Bb6 20. Qd3 Kh8 21. f4 Rfe8 22. Rae1 Rg8 23. f5 Qe7 24. Rxg8+ Rxg8 25. e5 dxe5 26. dxe5 Qb4 27. Bxf6+ Kh7 28. Qe4 Qxe4+ 29. Rxe4 Bxf2 30. h3 Rg1+ 31. Kh2 Re1 32. Rg4 h5 33. Rg7+ Kh6 34. Rxf7 Re2 35. Kh1 Re1+ 36. Kg2 Be3 37. Kf3 Bb6 38. h4 Rf1+ 39. Ke2 Rf2+ 40. Kd3 Rf3+ 41. Ke4 Re3+ 42. Kd5 Rd3+ 43. Ke6 Rxb3 44. Bg5# 1-0

[Event "Online Olym Div Top-C"]
[Site "Chess.com INT"]
[Date "2020.08.21"]
[Round "3.6"]
[White "Allam, Yara"]
[Black "Makhlouf, Ahlam"]
[Result "1-0"]
[WhiteElo "1752"]
[BlackElo "1419"]
[PlyCount "73"]
[EventDate "2020.08.21"]
[EventType "team-tourn (rapid)"]
[EventRounds "9"]
[EventCountry "USA"]
[SourceTitle "CBM 198"]
[Source "ChessBase"]
[SourceDate "2020.10.31"]
[SourceVersion "1"]
[SourceVersionDate "2020.10.31"]
[SourceQuality "1"]
[WhiteTeam "Egypt"]
[BlackTeam "Morocco"]
[WhiteTeamCountry "EGY"]
[BlackTeamCountry "MAR"]

1. e4 c5 2. Nf3 e6 3. d4 cxd4 4. Nxd4 Nf6 5. Nc3 Bb4 6. f3 Nc6 7. Nxc6 bxc6 8. a3 Ba5 9. Bd2 0-0 10. e5 Nd5 11. Ne4 Ne3 12. Qc1 Nxf1 13. Rxf1 Ba6 14. c4 Bxd2+ 15. Kxd2 f5 16. Nc5 Qg5+ 17. Kc3 Qxc1+ 18. Raxc1 Bc8 19. Rcd1 Rf7 20. f4 a5 21. Rd6 g5 22. g3 gxf4 23. Rxf4 Kg7 24. Rfd4 Ra7 25. Na4 Rc7 26. Nb6 c5 27. Rd2 Bb7 28. Rxd7 Rfxd7 29. Rxd7+ Rxd7 30. Nxd7 Bc6 31. Nxc5 Kf7 32. b4 axb4+ 33. axb4 Ke7 34. b5 Bf3 35. b6 h5 36. b7 Bxb7 37. Nxb7 1-0